000
00211 a2200097 4500
001
13748
100
_a
Cooke, C
245
_a
The life of Richard
260
_a
London
_b
Hodder & Stoughto
_c
090
_c
10743
_d
10743
942
_a
NUST-CAE
_c
M
_c
829
999
_c
248821
_d
248821